| 000 | 00851nam a22002177a 4500 | ||
|---|---|---|---|
| 999 |
_c15779 _d15779 |
||
| 003 | AR-CdUCM | ||
| 008 | 190430b ||||| |||| 00| 0 spa d | ||
| 020 | _a978-612-00-1300-7 | ||
| 040 |
_aMUNICIPALIDAD PROVINCIAL DEL CUSCO _cBIBLIOTECA MUNICIPAL DEL CUSCO |
||
| 082 |
_a333.918 / _bT73 |
||
| 100 |
_aTorres Lezama, Vicente _911814 |
||
| 245 |
_aAntropología ecológica : _buso y manejo del humedal de Antapanpa / |
||
| 260 |
_aCusco : _bMeta color, _c2013. |
||
| 300 |
_a239 páginas ; _bMapas, cuadro informativos, _c20 cm. |
||
| 505 | _aContenido: Características generales del área de estudio -- Estado de arte de la investigación -- Uso y manejos del humedal de Antapanpa. | ||
| 650 |
_aHumedales _934982 |
||
| 650 |
_aAntapanpa _934983 |
||
| 650 |
_aAntropología ecológica _934984 |
||
| 942 |
_2ddc _cLIBROS |
||
| 945 |
_adavv _d30/04/2019 |
||